000 00293nam a22001337a 4500
008 170706b xxu||||| |||| 00| 0 eng d
020 _a9787800055645
041 _aeng
080 _a05
100 _a22
101 _aGJL
245 _aNEW SALNG OF CHINA
_cSHUJUAN.LI
942 _2udc
_cBK
999 _c19957
_d19957